| 000 | 00655nam a2200217 a 4500 | ||
|---|---|---|---|
| 001 | 1812 | ||
| 003 | CDMR | ||
| 005 | 20131106135652.0 | ||
| 008 | 130130s1995||||||||||||||||||||||||||||d | ||
| 020 | _a8478266062 | ||
| 040 |
_aCDMR _bcat _cCPC LLEIDA |
||
| 100 | 1 |
_aMedina, Jaume _91354 |
|
| 245 | 1 | 2 |
_aL'anticatalanisme del diari ABC (1916-1936) _cJaume Medina |
| 260 |
_aBarcelona _c1995 _bPublicacions de l'Abadia de Montserrat |
||
| 300 | _a245 p. | ||
| 490 | 0 |
_aBiblioteca Serra d'Or _v147 |
|
| 610 | 2 |
_990 _aABC (Diari) _xAspectes polítics |
|
| 650 | 0 | 4 |
_93379 _aNacionalisme _zCatalunya |
| 650 | 0 | 4 |
_94090 _aPremsa i política _zEspanya |
| 942 |
_cMON _2udc |
||
| 999 |
_c1812 _d1812 |
||